Statistics for Click - Croatian, Czech, Hungarian, Polish

Click here to take the quiz!

General Stats

  • This quiz has been taken 67 times
  • The average score is 13 of 24

Answer Stats

HintAnswer% Correct
Hegy (Mountain)Hungarian
82%
Słońce (Sun)Polish
78%
Kenyér (Bread)Hungarian
77%
Północ (North)Polish
77%
Ház (House)Hungarian
68%
Szappan (Soap)Hungarian
68%
Holnap (Tomorrow)Hungarian
68%
Tvář (Face)Czech
63%
Ing (Shirt)Hungarian
63%
Grad (City)Croatian
60%
Květ (Flower)Czech
58%
Umělec (Artist)Czech
55%
Konj (Horse)Croatian
52%
Gazeta (Newspaper)Polish
50%
Plava (Blue)Croatian
48%
Vrata (Door)Croatian
47%
Środa (Wednesday)Polish
47%
Otok (Island)Croatian
43%
Trh (Market)Czech
43%
Vlajka (Flag)Czech
42%
Ogród (Garden)Polish
42%
Suprug (Husband)Croatian
33%
Zrcadlo (Mirror)Czech
33%
Statek (Ship)Polish
33%

Score Distribution

Percentile by Number Answered

Percent of People with Each Score

Your Score History

You have not taken this quiz